| 000 | 01281nam0a2200325 4500 | ||
|---|---|---|---|
| 001 | RU\NLR\bibl\563840 | ||
| 005 | 20250609163328.0 | ||
| 010 |
_a5-94432-058-3 _93000 |
||
| 035 | _a(NLR Aleph) 000555944 | ||
| 090 |
_a1501945 _c1501945 |
||
| 100 | _a20041018d2004 |||y0rusy50 ca | ||
| 101 | 1 |
_arus _ceng |
|
| 102 | _aRU | ||
| 105 | _aa ||||||||| | ||
| 200 | 1 |
_aФэн-Шуй и здоровье _eПолноценная жизнь в вашем доме и квартире _fД-р Джес Т.Й. Лим _g[Пер. с англ. Зайканова И.В.] |
|
| 210 |
_aСПб. _cБудущее Земли _d2004 |
||
| 215 |
_a296 с. _cил. _d24 |
||
| 300 | _aЗагл. и авт. ориг.: Feng Shui & your health / Dr. Jes T. Y. Lim | ||
| 320 | _aБиблиогр.: с. 290-291 | ||
| 320 | _aПредм. указ.: с. 292-296 | ||
| 454 | 0 |
_12001#$aFeng Shui & your health _1700#1$aLim$bJ. T.Y.$gJes T. Y.$4070 _tFeng Shui & your health _aLim, Jes T. Y. |
|
| 606 | 0 |
_aЗдоровье _xВлияние фэн-шуй _92211826 _3RU\NLR\auth\661328653 |
|
| 686 | _aР359.11 | ||
| 686 | _aР358.9 | ||
| 700 | 1 |
_aЛим _bД. Т.Й. _gДжес Т.Й. _4070 |
|
| 801 | 0 |
_aRU _bNLR _c20041018 _gPSBO |
|
| 801 | 1 |
_aRU _bNLR _c20041018 |
|
| 942 | _cBOOK | ||
| 980 | _aNB | ||